[Event "ESP-ch U18 Rapid"]
[Site "Salobrena"]
[Date "2022.08.07"]
[Round "6"]
[White "Siscar Conill, Aitor"]
[Black "Rubial Blanco, Heriberto"]
[Result "1-0"]
[WhiteElo "1630"]
[BlackElo "1527"]
[PlyCount "63"]
[EventDate "2022.08.06"]
[EventType "swiss (rapid)"]
[EventRounds "9"]
[EventCountry "ESP"]
[SourceTitle "EXT 2023"]
[Source "ChessBase"]
[SourceDate "2022.10.05"]
[SourceVersion "1"]
[SourceVersionDate "2022.10.05"]
[SourceQuality "1"]

1. e4 c5 2. Nf3 Nc6 3. c4 g6 4. d4 cxd4 5. Nxd4 Bg7 6. Be3 Nf6 7. Nc3 d6 8. Be2 Bd7 9. 0-0 a5 10. Ndb5 0-0 11. f3 Rc8 12. Na4 Nb4 13. Bb6 Qe8 14. Bxa5 Bxb5 15. cxb5 Nc2 16. Nb6 Rc5 17. b4 Rc3 18. Qd2 Nd7 19. Nd5 Nxa1 20. Nxc3 b6 21. Rxa1 Qa8 22. Rd1 bxa5 23. bxa5 Qxa5 24. Nd5 Qa7+ 25. Kh1 e6 26. Ne7+ Kh8 27. Qxd6 Qxa2 28. Qxd7 Qxe2 29. b6 Rb8 30. b7 Rxb7 31. Qd8+ Bf8 32. Qxf8# 1-0

[Event "ESP-ch U14"]
[Site "Salobrena"]
[Date "2022.07.22"]
[Round "7"]
[White "Gomez Salva, Roberto"]
[Black "Rubial Blanco, Heriberto"]
[Result "0-1"]
[WhiteElo "1617"]
[BlackElo "1694"]
[PlyCount "96"]
[EventDate "2022.07.18"]
[EventType "swiss"]
[EventRounds "9"]
[EventCountry "ESP"]
[SourceTitle "EXT 2023"]
[Source "ChessBase"]
[SourceDate "2022.10.05"]
[SourceVersion "1"]
[SourceVersionDate "2022.10.05"]
[SourceQuality "1"]

1. e4 c5 2. Nc3 Nc6 3. f4 g6 4. Nf3 Bg7 5. Bc4 e6 6. 0-0 Nge7 7. d3 d5 8. Bb3 0-0 9. Qe1 a6 10. a4 Rb8 11. Qf2 Nd4 12. Kh1 Nxb3 13. cxb3 Qc7 14. Ne2 Bd7 15. Qh4 Nc6 16. f5 exf5 17. exd5 Ne5 18. Bf4 Rfe8 19. Rac1 Qb6 20. Qg3 f6 21. d4 cxd4 22. Nexd4 g5 23. Nxg5 fxg5 24. Bxg5 Qxd4 25. Bf4 Qxd5 26. Rfd1 Qf7 27. Re1 Qg6 28. Bxe5 Bxe5 29. Rxe5 Qxg3 30. Rxe8+ Rxe8 31. hxg3 Re2 32. Rc3 Bc6 33. a5 Rxb2 34. Rc5 Be4 35. Re5 Kf7 36. g4 Kf6 37. Re8 Bxg2+ 38. Kg1 Be4 39. gxf5 Kxf5 40. b4 Kf4 41. b5 axb5 42. a6 bxa6 43. Rf8+ Bf5 44. Ra8 Ra2 45. Rd8 a5 46. Kf1 b4 47. Ke1 b3 48. Rd4+ Be4 0-1

[Event "ESP-ch U14"]
[Site "Salobrena"]
[Date "2022.07.22"]
[Round "8"]
[White "Rubial Blanco, Heriberto"]
[Black "Muntal Corrales, Arnau"]
[Result "0-1"]
[WhiteElo "1694"]
[BlackElo "1816"]
[PlyCount "100"]
[EventDate "2022.07.18"]
[EventType "swiss"]
[EventRounds "9"]
[EventCountry "ESP"]
[SourceTitle "EXT 2023"]
[Source "ChessBase"]
[SourceDate "2022.10.05"]
[SourceVersion "1"]
[SourceVersionDate "2022.10.05"]
[SourceQuality "1"]

1. e4 c5 2. Nf3 Nc6 3. d4 cxd4 4. Nxd4 Nf6 5. Nc3 e6 6. Ndb5 Bb4 7. a3 Bxc3+ 8. Nxc3 d5 9. exd5 exd5 10. Bd3 0-0 11. 0-0 d4 12. Ne2 Bg4 13. Bg5 Re8 14. Re1 h6 15. Bh4 g5 16. Bg3 Qd5 17. Qd2 Rad8 18. Rad1 Bf5 19. Bxf5 Qxf5 20. Qd3 Qd5 21. Kf1 Ne4 22. f3 Nc5 23. Qd2 Qf5 24. Nc1 Ne5 25. Bxe5 Rxe5 26. Rxe5 Qxe5 27. g3 Qf5 28. Kg2 Rc8 29. Ne2 Ne6 30. Rc1 Rd8 31. Rd1 Qe5 32. Re1 Qd5 33. Kf2 Qc6 34. Nc1 Nc5 35. Nd3 Ne6 36. Re2 g4 37. fxg4 Ng5 38. Qf4 Nh3+ 39. Ke1 Nxf4 40. gxf4 Re8 41. Ne5 Qh1+ 42. Kd2 f6 43. Nd7 Rxe2+ 44. Kxe2 Qe4+ 45. Kd1 Qxf4 46. h3 Kf7 47. g5 hxg5 48. Nc5 Qf3+ 49. Kc1 Qxh3 50. Nd3 g4 0-1

[Event "ESP-ch States U14"]
[Site "Isla"]
[Date "2022.06.23"]
[Round "1"]
[White "Rubial Blanco, Heriberto"]
[Black "Calvo Gonzalez, Jose Felix"]
[Result "0-1"]
[WhiteElo "1698"]
[BlackElo "2092"]
[PlyCount "50"]
[EventDate "2022.06.23"]
[EventType "swiss"]
[EventRounds "6"]
[EventCountry "ESP"]
[SourceTitle "EXT 2023"]
[Source "ChessBase"]
[SourceDate "2022.10.05"]
[SourceVersion "1"]
[SourceVersionDate "2022.10.05"]
[SourceQuality "1"]

1. e4 e5 2. Nf3 Nc6 3. Nc3 Nf6 4. Bb5 Bb4 5. d3 d6 6. 0-0 0-0 7. Bg5 Bxc3 8. bxc3 Qe7 9. Qe2 Nd8 10. h3 Ne6 11. Be3 Nh5 12. Kh2 Nef4 13. Qd2 Qe6 14. Ng1 d5 15. g4 Nxh3 16. Nxh3 Qxg4 17. Ng1 d4 18. cxd4 exd4 19. Qe1 Qh4+ 20. Kg2 dxe3 21. fxe3 Qg5+ 22. Kf2 Qxb5 23. Nf3 Bg4 24. Rg1 Bxf3 25. Kxf3 f5 0-1

[Event "ESP-chT Regional U14"]
[Site "Gijon"]
[Date "2021.06.17"]
[Round "1.1"]
[White "Rubial Blanco, Heriberto"]
[Black "Ermachenko, Manuel"]
[Result "0-1"]
[WhiteElo "1675"]
[BlackElo "2131"]
[PlyCount "146"]
[EventDate "2021.06.17"]
[EventType "team-swiss"]
[EventRounds "6"]
[EventCountry "ESP"]
[SourceTitle "EXT 2022"]
[Source "ChessBase"]
[SourceDate "2021.10.06"]
[SourceVersion "1"]
[SourceVersionDate "2021.10.06"]
[SourceQuality "1"]
[WhiteTeam "Castilla y Leon U14"]
[BlackTeam "Baleares U14"]
[WhiteTeamCountry "ESP"]
[BlackTeamCountry "ESP"]

1. e4 c5 2. Nf3 e6 3. d4 cxd4 4. Nxd4 Qb6 5. Nc3 Bc5 6. Na4 Qa5+ 7. Nc3 Nf6 8. Nb3 Qb6 9. Nxc5 Qxc5 10. Be3 Qa5 11. Qd2 a6 12. a3 Nc6 13. Bc4 b5 14. Ba2 0-0 15. b4 Qxa3 16. Bc5 d6 17. Bxd6 Rd8 18. 0-0 Qxb4 19. Rfd1 Nxe4 20. Bxb4 Nxd2 21. Bc5 Bb7 22. Bb6 Rd6 23. Bc5 Rd7 24. Be3 Rad8 25. Bb6 Rc8 26. Be3 Ne5 27. Bxd2 b4 28. Bf4 Rxd1+ 29. Nxd1 Ng6 30. Bd6 a5 31. Ne3 Rc6 32. Rd1 h5 33. Bb3 Ba6 34. Bg3 h4 35. Bb8 Bb5 36. Ra1 a4 37. Bxa4 Ra6 38. Bxb5 Rxa1+ 39. Nf1 Rb1 40. Ba4 e5 41. g3 h3 42. Bd7 Rc1 43. Bf5 Ne7 44. Bxh3 Rxc2 45. Bxe5 b3 46. Bg2 b2 47. Bxb2 Rxb2 48. Ne3 Rb1+ 49. Bf1 g5 50. Kg2 Ra1 51. Bd3 Ra5 52. g4 Ra4 53. h3 Rb4 54. Nf5 Nd5 55. Bf1 Rb3 56. Ne3 Nxe3+ 57. fxe3 Rxe3 58. Kf2 Ra3 59. Bg2 Kg7 60. Bf3 Kf6 61. Be4 Rxh3 62. Bf5 Ke5 63. Kg2 Ra3 64. Bh7 Kf4 65. Bg8 f6 66. Be6 Rg3+ 67. Kf2 Rxg4 68. Bd7 f5 69. Bc6 Rh4 70. Bd7 Rh2+ 71. Kg1 Kg3 72. Bxf5 Rd2 73. Kf1 Rf2+ 0-1

[Event "ESP-ch U12"]
[Site "Salobrena"]
[Date "2020.07.31"]
[Round "7"]
[White "Tabuenca Mendataurigoitia, Daniel"]
[Black "Rubial Blanco, Heriberto"]
[Result "0-1"]
[WhiteElo "1865"]
[BlackElo "1653"]
[PlyCount "170"]
[EventDate "2020.07.27"]
[EventType "swiss"]
[EventRounds "9"]
[EventCountry "ESP"]
[SourceTitle "EXT 2021"]
[Source "ChessBase"]
[SourceDate "2020.10.23"]
[SourceVersion "1"]
[SourceVersionDate "2020.10.23"]
[SourceQuality "1"]

1. e4 c5 2. Nc3 Nc6 3. Bb5 g6 4. Bxc6 dxc6 5. d3 e5 6. Be3 Qe7 7. f4 Bg7 8. fxe5 Qxe5 9. Nf3 Qe7 10. 0-0 Nf6 11. Qd2 h6 12. Rae1 Be6 13. b3 0-0-0 14. a4 g5 15. a5 Ng4 16. Na4 Nxe3 17. Qxe3 g4 18. Qxc5 Qxc5+ 19. Nxc5 gxf3 20. Nxe6 f2+ 21. Rxf2 fxe6 22. Rf7 Bd4+ 23. Kh1 Rd7 24. Ref1 Rh7 25. Rf8+ Kc7 26. g4 Rhg7 27. h3 Kd6 28. a6 b6 29. Re8 Rge7 30. Rff8 Rxe8 31. Rxe8 Be5 32. Kg2 Re7 33. Rc8 Kc5 34. h4 Kb5 35. Kh3 c5 36. Rf8 Kxa6 37. g5 hxg5 38. hxg5 Rg7 39. Kh4 Bd6 40. Rf1 Be7 41. Rg1 Kb5 42. Kh5 Kc6 43. g6 Kd7 44. c4 Bf6 45. Rf1 Ke7 46. Rf3 e5 47. Rg3 Rg8 48. Rg2 Kf8 49. Rg1 Kg7 50. Kg4 Kxg6 51. Kf3+ Kf7 52. Rxg8 Kxg8 53. Kg4 Kf7 54. Kf5 Bg7 55. Kg5 Ke6 56. Kg6 Bf6 57. Kh7 Be7 58. Kg6 Bf8 59. Kg5 Kf7 60. Kf5 Bg7 61. Kg5 Bf6+ 62. Kf5 a6 63. Kg4 Kg6 64. Kf3 Kg5 65. Kg3 Be7 66. Kf3 Kh4 67. Kf2 Kg4 68. Ke2 Kg3 69. Ke3 Bg5+ 70. Ke2 Bh6 71. Ke1 Kf3 72. Kd1 Ke3 73. Kc2 Kd4 74. Kb2 Kxd3 75. Ka3 Bf8 76. Ka4 Kxe4 77. b4 cxb4 78. c5 bxc5 79. Kb3 Kd4 80. Kc2 c4 81. Kd2 e4 82. Kc2 e3 83. Kd1 Kd3 84. Ke1 e2 85. Kf2 Kd2 0-1

[Event "ESP-ch U12"]
[Site "Salobrena"]
[Date "2020.07.29"]
[Round "5"]
[White "Marcos Rodriguez, Raul"]
[Black "Rubial Blanco, Heriberto"]
[Result "0-1"]
[WhiteElo "1529"]
[BlackElo "1653"]
[PlyCount "96"]
[EventDate "2020.07.27"]
[EventType "swiss"]
[EventRounds "9"]
[EventCountry "ESP"]
[SourceTitle "EXT 2021"]
[Source "ChessBase"]
[SourceDate "2020.10.23"]
[SourceVersion "1"]
[SourceVersionDate "2020.10.23"]
[SourceQuality "1"]

1. e4 c5 2. Nf3 Nc6 3. b4 Nxb4 4. c3 Nc6 5. d4 cxd4 6. cxd4 d5 7. exd5 Qxd5 8. Nc3 Qd8 9. d5 Nb8 10. Qc2 a6 11. Bf4 Nf6 12. h3 g6 13. Bc4 Bg7 14. Rd1 0-0 15. 0-0 Bf5 16. Qb3 b5 17. Bd3 Bxd3 18. Rxd3 Nbd7 19. Re1 Nc5 20. Qc2 Nxd3 21. Qxd3 e6 22. d6 Rc8 23. Be5 Nd7 24. Bxg7 Kxg7 25. Qd4+ Qf6 26. Ne5 Rc4 27. Qa7 Nxe5 28. Ne4 Qf4 29. f3 Rd8 30. Qe7 Rd7 31. Qe8 f5 32. Nf2 Rxd6 33. Qe7+ Nf7 34. Qa7 Rc1 35. Rxc1 Qxc1+ 36. Kh2 Qf4+ 37. Kg1 Qd4 38. Qb7 Qb2 39. Qc7 Rd2 40. Qa7 Rxf2 41. Qxf2 Qxf2+ 42. Kxf2 Kf6 43. Ke3 Ke5 44. f4+ Kd5 45. Kd3 a5 46. g3 Nd6 47. g4 Ne4 48. g5 Nf2+ 0-1

[Event "ESP-ch U12"]
[Site "Salobrena"]
[Date "2020.07.27"]
[Round "1"]
[White "Senosiain Noriega, Unax"]
[Black "Rubial Blanco, Heriberto"]
[Result "0-1"]
[WhiteElo "1232"]
[BlackElo "1653"]
[PlyCount "94"]
[EventDate "2020.07.27"]
[EventType "swiss"]
[EventRounds "9"]
[EventCountry "ESP"]
[SourceTitle "EXT 2021"]
[Source "ChessBase"]
[SourceDate "2020.10.23"]
[SourceVersion "1"]
[SourceVersionDate "2020.10.23"]
[SourceQuality "1"]

1. e4 c5 2. Nf3 Nc6 3. d4 cxd4 4. Nxd4 Nf6 5. Nc3 e5 6. Ndb5 d6 7. Nd5 Nxd5 8. exd5 Ne7 9. Be3 a6 10. Nc3 Nf5 11. Qd2 Nxe3 12. Qxe3 Be7 13. Bd3 0-0 14. 0-0 Bg5 15. Qf3 f5 16. Qg3 e4 17. f4 Bh4 18. Qe3 exd3 19. Qxd3 Bf6 20. Rf3 Qb6+ 21. Kh1 Qxb2 22. Rb1 Qxc3 23. Qxc3 Bxc3 24. Rxc3 b5 25. Rc6 Bb7 26. Rxd6 Rfd8 27. Rxd8+ Rxd8 28. c4 Ba8 29. cxb5 axb5 30. Rxb5 Rxd5 31. Rb8+ Kf7 32. h3 Ra5 33. Rb2 Ra3 34. Rb5 Be4 35. Rb2 Rxh3+ 36. Kg1 Ra3 37. Rd2 Ke6 38. Re2 Kf6 39. Rd2 Ra6 40. Re2 Bb1 41. Re1 Bxa2 42. Ra1 Bc4 43. Rc1 Bd5 44. Rc2 Be4 45. Rd2 Rc6 46. Ra2 Kg6 47. g4 Rc1+ 0-1

[Event "Padron Pre-Mundial U10"]
[Site "Padron"]
[Date "2018.09.07"]
[Round "8"]
[White "Cereijo Suarez, Alejandro"]
[Black "Rubial Blanco, Heriberto"]
[Result "1-0"]
[WhiteElo "1570"]
[BlackElo "1388"]
[PlyCount "43"]
[EventDate "2018.09.03"]
[EventType "swiss"]
[EventRounds "9"]
[EventCountry "ESP"]
[SourceTitle "EXT 2024"]
[Source "ChessBase"]
[SourceDate "2023.10.10"]
[SourceVersion "1"]
[SourceVersionDate "2023.10.10"]
[SourceQuality "1"]

1. d4 d5 2. Bf4 e6 3. e3 Bd6 4. Bg3 f5 5. Nf3 Nf6 6. c4 c6 7. Nc3 0-0 8. Bd3 Ne4 9. Qb3 Kh8 10. Ne5 g5 11. f3 Nxc3 12. Qxc3 f4 13. exf4 gxf4 14. Bf2 Bxe5 15. dxe5 Qg5 16. Bc5 Rd8 17. 0-0-0 Na6 18. h4 Qxg2 19. Be7 Qf2 20. Bxd8 Bd7 21. Bf6+ Kg8 22. Rhg1+ 1-0

[Event "Padron Pre-Mundial U10"]
[Site "Padron"]
[Date "2018.09.06"]
[Round "6.1"]
[White "Cereijo Suarez, Nerea"]
[Black "Rubial Blanco, Heriberto"]
[Result "1-0"]
[WhiteElo "1328"]
[BlackElo "1388"]
[PlyCount "150"]
[EventDate "2018.09.03"]
[EventType "swiss"]
[EventRounds "9"]
[EventCountry "ESP"]
[SourceTitle "EXT 2024"]
[Source "ChessBase"]
[SourceDate "2023.10.10"]
[SourceVersion "1"]
[SourceVersionDate "2023.10.10"]
[SourceQuality "1"]

1. d4 c5 2. d5 Nf6 3. c4 g6 4. Nc3 Bg7 5. Nf3 0-0 6. g3 d6 7. Bg2 a6 8. 0-0 Nbd7 9. Bd2 Rb8 10. a4 Nb6 11. b3 Na8 12. Ra2 a5 13. Qc1 b6 14. Nb5 Nc7 15. Bh6 Na6 16. Bxg7 Kxg7 17. Ne1 Bf5 18. Na3 Ne4 19. f3 Nf6 20. e4 Bd7 21. Nd3 Ne8 22. Nb5 f5 23. Qc3+ Kg8 24. e5 Bxb5 25. axb5 Nb4 26. Nxb4 cxb4 27. Qe3 dxe5 28. Qxe5 Nf6 29. Re1 Rf7 30. Rae2 Nd7 31. Qf4 Nc5 32. Re3 Qd6 33. Qxd6 exd6 34. Bf1 Kf8 35. Be2 Re8 36. Bd1 Rxe3 37. Rxe3 Re7 38. Kf2 Rxe3 39. Kxe3 Ke7 40. h4 h6 41. g4 Kf6 42. Kf4 g5+ 43. hxg5+ hxg5+ 44. Ke3 Ke5 45. gxf5 Kxf5 46. Bc2+ Ke5 47. Bd1 Nd7 48. Bc2 Nf6 49. Bg6 Nd7 50. Bc2 Nc5 51. Bd1 Kf5 52. Bc2+ Kf6 53. f4 gxf4+ 54. Kxf4 Nd7 55. Bd1 Nf8 56. Bc2 Ng6+ 57. Bxg6 Kxg6 58. Ke3 Kf5 59. Kd3 Ke5 60. Ke3 a4 61. bxa4 b3 62. Kd3 b2 63. Kc2 Kd4 64. a5 bxa5 65. b6 a4 66. b7 Kxc4 67. Kxb2 Kxd5 68. b8Q Kc5 69. Qe8 Kb4 70. Qe1+ Kc5 71. Qd1 d5 72. Qxa4 d4 73. Qd1 Kc4 74. Kc2 Kc5 75. Kd3 Kd5 1-0

[Event "Padron Pre-Mundial U10"]
[Site "Padron"]
[Date "2018.09.04"]
[Round "3.2"]
[White "Rubial Blanco, Heriberto"]
[Black "Juan Lepp, Jaime Boris"]
[Result "1-0"]
[WhiteElo "1388"]
[BlackElo "1302"]
[PlyCount "69"]
[EventDate "2018.09.03"]
[EventType "swiss"]
[EventRounds "9"]
[EventCountry "ESP"]
[SourceTitle "EXT 2024"]
[Source "ChessBase"]
[SourceDate "2023.10.10"]
[SourceVersion "1"]
[SourceVersionDate "2023.10.10"]
[SourceQuality "1"]

1. d4 d5 2. Nf3 e6 3. Bf4 c5 4. e3 Nc6 5. c3 Nf6 6. Nbd2 Be7 7. h3 0-0 8. Be2 Re8 9. 0-0 cxd4 10. exd4 Bd6 11. Ne5 Bxe5 12. dxe5 Nd7 13. Nf3 Qc7 14. Re1 Ndxe5 15. Nxe5 Nxe5 16. Bxe5 Qd8 17. Bb5 Bd7 18. Bxd7 Qxd7 19. Qg4 f5 20. Qd4 Rac8 21. b3 b6 22. Re3 Re7 23. Rae1 Rce8 24. Bf4 h6 25. h4 Rf7 26. Qe5 Qb7 27. Qd6 Rd7 28. Qb4 Rde7 29. Bd6 Rd7 30. Rxe6 Rxe6 31. Rxe6 Qc6 32. Re8+ Kf7 33. Rf8+ Ke6 34. Qf4 Rf7 35. Qe5+ 1-0